000
00264nam a2200109Ia 4500
008
200302s9999 xx 000 0 und d
100
_a
Martin M. Pegler
245
_a
Street Scapes
260
_b
Retail Reporting Corporation Inc.
260
_c
1998
300
_a
176 P.,
999
_c
1924
_d
1924